[Event "Quebec op"]
[Site "Montreal"]
[Date "2011.07.30"]
[Round "9"]
[White "Gagnon, Serge"]
[Black "Le Duin, Thierry"]
[Result "1-0"]
[WhiteElo "1972"]
[BlackElo "1877"]
[PlyCount "103"]
[EventDate "2011.07.23"]
[EventType "swiss"]
[EventRounds "9"]
[EventCountry "CAN"]
[SourceTitle "EXT 2022"]
[Source "ChessBase"]
[SourceDate "2021.10.06"]
[SourceVersion "1"]
[SourceVersionDate "2021.10.06"]
[SourceQuality "1"]

1. Nf3 Nf6 2. c4 d6 3. Nc3 a6 4. e4 g6 5. d4 Bg7 6. Be2 0-0 7. 0-0 c5 8. dxc5 dxc5 9. Qxd8 Rxd8 10. Be3 Nbd7 11. Rad1 b6 12. Rd3 Re8 13. h3 Nf8 14. Rfd1 Be6 15. b3 h6 16. Nh2 N6d7 17. f4 Bxc3 18. Rxc3 Nf6 19. e5 Ne4 20. Rcd3 Ng3 21. Bf3 Rab8 22. Bf2 Nf5 23. g4 Ng7 24. Kg2 Rec8 25. Nf1 b5 26. Ne3 bxc4 27. bxc4 Rb4 28. Bd5 Ra4 29. R1d2 Rb8 30. Kf3 Bxd5+ 31. cxd5 e6 32. d6 Nd7 33. Nd1 g5 34. Be3 gxf4 35. Bxf4 h5 36. Nc3 hxg4+ 37. hxg4 Rc4 38. a3 Ne8 39. Ne4 Rb1 40. Rd1 Rb2 41. g5 a5 42. Nf6+ Nexf6 43. gxf6 Rb7 44. Rg1+ Kh8 45. Rg7 Rd4 46. Rc3 a4 47. Rxf7 Nxe5+ 48. Bxe5 Rxf7 49. Bxd4 cxd4 50. Rc8+ Kh7 51. Rc7 Kg6 52. Rxf7 1-0

[Event "Montreal Mercredi 02"]
[Site "Montreal"]
[Date "2011.03.02"]
[Round "2"]
[White "Levkovsky, Alexandre"]
[Black "Gagnon, Serge"]
[Result "1/2-1/2"]
[WhiteElo "2246"]
[BlackElo "2061"]
[PlyCount "44"]
[EventDate "2011.02.23"]
[EventType "tourn"]
[EventRounds "5"]
[EventCountry "CAN"]
[SourceTitle "EXT 2013"]
[Source "ChessBase"]
[SourceDate "2012.11.22"]
[SourceVersion "1"]
[SourceVersionDate "2012.11.22"]
[SourceQuality "1"]

1. d4 Nf6 2. c4 g6 3. Nc3 d5 4. cxd5 Nxd5 5. e4 Nxc3 6. bxc3 Bg7 7. Nf3 c5 8. Bc4 0-0 9. 0-0 Nc6 10. Bd5 cxd4 11. Bxc6 bxc6 12. cxd4 c5 13. Be3 Bg4 14. d5 Bxf3 15. gxf3 Qd6 16. Rc1 Be5 17. Bxc5 Bxh2+ 18. Kg2 Qf6 19. Kxh2 Qf4+ 20. Kg2 Qg5+ 21. Kh3 Qh5+ 22. Kg2 Qg5+ 1/2-1/2

[Event "Montreal Oasis op"]
[Site "Montreal"]
[Date "2011.02.27"]
[Round "5"]
[White "Gagnon, Serge"]
[Black "Morin, Louis"]
[Result "1-0"]
[WhiteElo "2061"]
[BlackElo "1903"]
[PlyCount "115"]
[EventDate "2011.02.25"]
[EventType "swiss"]
[EventRounds "5"]
[EventCountry "CAN"]
[SourceTitle "EXT 2013"]
[Source "ChessBase"]
[SourceDate "2012.11.22"]
[SourceVersion "1"]
[SourceVersionDate "2012.11.22"]
[SourceQuality "1"]

1. d4 e5 2. dxe5 Nc6 3. Nf3 Qe7 4. Qd5 Qe6 5. Qxe6+ dxe6 6. e4 Bd7 7. c3 Nge7 8. Be3 h6 9. h4 g6 10. Nbd2 Bg7 11. Bd4 0-0 12. Nb3 b6 13. 0-0-0 Rad8 14. Be2 Nb8 15. Nfd2 c5 16. Be3 Bc6 17. f4 Rd7 18. Bf3 Rfd8 19. Nc4 Rxd1+ 20. Rxd1 Rxd1+ 21. Kxd1 Nd7 22. Nbd2 Kf8 23. Ke2 Bb5 24. Kf2 Bxc4 25. Nxc4 Nc6 26. Be2 Ke7 27. a4 Bf8 28. h5 Bg7 29. hxg6 fxg6 30. Nd6 Bf8 31. Bb5 Ndb8 32. Kf3 Bg7 33. Ke2 Bf8 34. Nc4 Kd7 35. Bf2 Be7 36. Ne3 h5 37. g4 Kc7 38. Kf3 Nd7 39. gxh5 gxh5 40. Kg3 Kb7 41. Be2 a6 42. Bxh5 b5 43. axb5 axb5 44. Bf7 Nd8 45. Be8 Kc8 46. Kg4 Nc6 47. Kh5 Kd8 48. Bf7 Ndxe5 49. fxe5 Nxe5 50. Bxe6 Nd3 51. Bg3 Nxb2 52. Nd5 b4 53. cxb4 cxb4 54. Kg6 Nd3 55. Kf7 Ne5+ 56. Bxe5 Bd6 57. Bxd6 b3 58. Be7# 1-0